000 00576nam a2200241Ia 4500
003 OSt
005 20220926041431.0
006 a|||||r|||| 00| 0
007 ta
008 220923b |||||||| |||| 00| 0 eng d
020 _aUnwin
037 _cGeneral Book
040 _aRTL
_cRTL
_beng
041 _2eng
_aeng
082 _aU:(G:55).1(X).N8, M6
245 0 _aNA
260 _c1986
300 _axxii, 96p
_ccm.
500 _aBibliography: P 82-91
650 _aGEOGRAPHY
942 _hU:(G:55).1(X).N8, M6
_cGB
_2CC
999 _c667172
_d667172